[Event "Bad Woerishofen op"]
[Site "Bad Woerishofen"]
[Date "2000.??.??"]
[Round "1"]
[White "Doell, Detlef"]
[Black "Sulava, Nenad"]
[Result "0-1"]
[WhiteElo "2093"]
[BlackElo "2486"]
[PlyCount "52"]
[EventDate "1998.03.05"]
[Source "ChessBase"]
[SourceDate "1998.04.29"]

1. e4 c5 2. c4 g6 3. Ne2 Bg7 4. d4 Qb6 5. dxc5 Qxc5 6. Nbc3 Nf6 7. Be3 Qa5 8.
Qd2 Nc6 9. f3 O-O 10. Nd4 d6 11. Be2 Nxd4 12. Bxd4 Be6 13. O-O Rfc8 14. b3 b5
15. b4 Qxb4 16. Rab1 Qa5 17. Rxb5 Qd8 18. Nd5 Bxd5 19. cxd5 Rc7 20. Be3 Rac8
21. Qa5 Nd7 22. Rfb1 a6 23. Rb6 Nxb6 24. Bxb6 Rc1+ 25. Rxc1 Rxc1+ 26. Bf1 Bd4+
0-1

[Event "Bad Woerishofen op"]
[Site "?"]
[Date "2000.??.??"]
[Round "3"]
[White "Doell, Detlef"]
[Black "Epishin, Vladimir"]
[Result "0-1"]
[WhiteElo "2093"]
[BlackElo "2667"]
[PlyCount "90"]
[EventDate "2000.??.??"]

1. e4 c5 2. c4 Nc6 3. Ne2 e6 4. d4 cxd4 5. Nxd4 Nxd4 6. Qxd4 Ne7 7. Nc3 Nc6 8.
Qd1 Bc5 9. Be2 O-O 10. O-O d6 11. Kh1 e5 12. Nd5 Be6 13. Be3 a5 14. Bxc5 dxc5
15. Bd3 a4 16. Qh5 a3 17. b3 Nb4 18. Rfd1 f6 19. Rd2 Bf7 20. Qh3 Re8 21. Rad1
Nc6 22. Be2 Nd4 23. Bg4 g6 24. Bd7 Rf8 25. Ba4 Kg7 26. Qd7 Qxd7 27. Bxd7 Rad8
28. Ba4 f5 29. f3 Bxd5 30. exd5 Kf6 31. Re1 Rf7 32. Kg1 Re7 33. Rf2 Rd6 34. h4
h6 35. g3 g5 36. hxg5+ hxg5 37. Kg2 Rh7 38. Rh1 Rxh1 39. Kxh1 Rd8 40. Kg2 f4
41. g4 e4 42. fxe4 Ke5 43. Rf1 Rh8 44. Bd7 f3+ 45. Kg3 Kxe4 0-1

[Event "Bad Woerishofen op"]
[Site "?"]
[Date "2000.??.??"]
[Round "5"]
[White "Doell, Detlef"]
[Black "Slacik, Johann"]
[Result "1-0"]
[WhiteElo "2093"]
[BlackElo "1778"]
[PlyCount "63"]
[EventDate "2000.??.??"]

1. e4 c5 2. c4 d6 3. Ne2 Nf6 4. Nbc3 g6 5. d4 cxd4 6. Nxd4 Bg7 7. Be2 O-O 8.
O-O Nbd7 9. Be3 b6 10. Nc6 Qe8 11. Nb5 Bb7 12. Nc7 Bxc6 13. Nxe8 Rfxe8 14. f3
Rac8 15. Rc1 Ba8 16. b4 Rc7 17. Qb3 Rb8 18. Rfd1 h5 19. Bf4 a5 20. a3 Rbc8 21.
Qe3 a4 22. Bf1 Kh7 23. Qf2 Bh6 24. Bxh6 Kxh6 25. Rc3 Kh7 26. Rdc1 Bb7 27. Qd4
Ba6 28. g3 Ne5 29. Qxb6 Rc6 30. Qd4 Bxc4 31. Bxc4 Rxc4 32. Qxe5 1-0

[Event "Bad Woerishofen op"]
[Site "?"]
[Date "2000.??.??"]
[Round "7"]
[White "Doell, Detlef"]
[Black "Schiegg, Peter"]
[Result "0-1"]
[WhiteElo "2093"]
[BlackElo "1771"]
[PlyCount "58"]
[EventDate "2000.??.??"]

1. e4 g6 2. d4 Bg7 3. Nc3 d6 4. Bc4 Nf6 5. Bg5 h6 6. Bf4 Nbd7 7. Qd2 e5 8. dxe5
dxe5 9. Be3 Ng4 10. O-O-O Nxe3 11. Qxe3 O-O 12. h4 c6 13. f3 Qe7 14. g4 b5 15.
Bb3 Nb6 16. a4 Nc4 17. Bxc4 bxc4 18. Qd2 Rb8 19. Nb1 Rb4 20. Ne2 Be6 21. c3 Rb3
22. Ng3 Rfb8 23. Rh2 Qc5 24. Qe1 Qa5 25. Rdd2 Qxa4 26. Qd1 Bf6 27. Qg1 Qa1 28.
Qe3 Be7 29. Qxh6 Rxc3+ 0-1

[Event "Bad Woerishofen op"]
[Site "?"]
[Date "2000.??.??"]
[Round "9"]
[White "Doell, Detlef"]
[Black "Poehler, Margit"]
[Result "1-0"]
[WhiteElo "2093"]
[BlackElo "1798"]
[PlyCount "67"]
[EventDate "2000.??.??"]

1. e4 d6 2. d4 g6 3. Nc3 Bg7 4. Bg5 h6 5. Be3 Nc6 6. Bc4 e5 7. Nge2 Nf6 8. f3
O-O 9. Qd2 Kh7 10. O-O-O a6 11. h4 b5 12. Bb3 Na5 13. dxe5 Nxb3+ 14. axb3 Ng8
15. exd6 cxd6 16. g4 Qa5 17. Kb1 Rd8 18. Bd4 Bf8 19. Qf4 Be6 20. Nd5 Bxd5 21.
exd5 Rd7 22. Ng3 Bg7 23. h5 Bxd4 24. Rxd4 Qc7 25. g5 Rc8 26. Rd2 Re8 27. Rdh2
Re5 28. Ne4 Rf5 29. Qd2 Re7 30. Qd4 Ree5 31. hxg6+ Kxg6 32. gxh6 Kh7 33. Qg1 f6
34. Rg2 1-0

[Event "Bad Woerishofen op"]
[Site "?"]
[Date "2000.??.??"]
[Round "2"]
[White "Dubois, Martine"]
[Black "Steinhard, Mathias"]
[Result "1-0"]
[WhiteElo "2093"]
[BlackElo "1800"]
[PlyCount "99"]
[EventDate "2000.??.??"]

1. e4 e5 2. Nf3 Nc6 3. Nc3 Nf6 4. g3 Bb4 5. Bg2 d6 6. O-O O-O 7. d3 h6 8. Nd5
Bc5 9. c3 Nxd5 10. exd5 Ne7 11. d4 exd4 12. Nxd4 Bd7 13. b4 Bb6 14. Bb2 a5 15.
a3 axb4 16. cxb4 Ng6 17. a4 Qg5 18. a5 Ba7 19. Rc1 Rac8 20. Re1 Rfe8 21. Rxe8+
Bxe8 22. Bh3 Rb8 23. Rxc7 Qxd5 24. Bg2 Qa2 25. Qd2 Qb1+ 26. Rc1 Qa2 27. Qc3 Ne5
28. Nf5 Qe6 29. Nxd6 Qxd6 30. Qxe5 Qxe5 31. Bxe5 Rd8 32. Bxb7 f6 33. Bb2 Rd2
34. Bc3 Rxf2 35. Kh1 Bd7 36. Bd5+ Kh7 37. Be4+ Kh8 38. b5 Ra2 39. Bb4 Rb2 40.
Rc7 Rxb4 41. Rxd7 Rxe4 42. Rxa7 Re1+ 43. Kg2 Re2+ 44. Kg1 Re1+ 45. Kf2 Rb1 46.
b6 Rb2+ 47. Kf3 Kh7 48. b7 Rb3+ 49. Ke4 Rb4+ 50. Kd5 1-0

[Event "Bad Woerishofen op"]
[Site "?"]
[Date "2000.??.??"]
[Round "4"]
[White "Dubois, Martine"]
[Black "Schoenfisch, Rainer"]
[Result "1-0"]
[WhiteElo "2093"]
[BlackElo "1790"]
[PlyCount "91"]
[EventDate "2000.??.??"]

1. e4 e6 2. Qe2 c5 3. Nf3 Nc6 4. g3 Nge7 5. Bg2 g6 6. O-O Bg7 7. c3 O-O 8. e5
d6 9. d4 dxe5 10. dxe5 Qc7 11. Re1 b6 12. Nbd2 Bb7 13. Nf1 h6 14. Ne3 Nd5 15.
Nxd5 exd5 16. e6 Rfe8 17. Bf4 Qe7 18. exf7+ Qxf7 19. Qd2 Kh7 20. h4 Rad8 21. h5
gxh5 22. Nh4 Ne7 23. Bh3 Bc8 24. Qc2+ Kg8 25. Bxc8 Rxc8 26. Qd2 Rc6 27. Nf3 Qf5
28. Kg2 Re6 29. Nh4 Qf7 30. Rxe6 Qxe6 31. Re1 Qc6 32. Kh2 d4 33. cxd4 cxd4 34.
Qe2 Kf8 35. Qxh5 d3 36. Be5 Bxe5 37. Qxe5 d2 38. Qf4+ Kg7 39. Qxd2 Ng6 40. Nf5+
Kf6 41. Rc1 Qe6 42. Nd4 Rd8 43. Qc3 Qe5 44. Qf3+ Kg5 45. Nc6 Nh4 46. Nxe5 1-0

[Event "Bad Woerishofen op"]
[Site "?"]
[Date "2000.??.??"]
[Round "6"]
[White "Dubois, Martine"]
[Black "Huhn, Ulrich"]
[Result "0-1"]
[WhiteElo "2093"]
[BlackElo "1810"]
[PlyCount "94"]
[EventDate "2000.??.??"]

1. e4 d5 2. exd5 Nf6 3. d4 Nxd5 4. Nf3 Bg4 5. c4 Nb6 6. Be2 c6 7. Nc3 e6 8. h3
Bh5 9. g4 Bg6 10. Ne5 N6d7 11. Nxg6 hxg6 12. Bf4 Bb4 13. a3 Ba5 14. Qc2 Bb6 15.
O-O-O Bc7 16. Be3 Qe7 17. d5 cxd5 18. cxd5 Nb6 19. dxe6 Qxe6 20. Bb5+ Kf8 21.
Rhe1 Qc8 22. g5 N8d7 23. Bxb6 Nxb6 24. Qe4 a6 25. Qe7+ Kg8 26. Bd7 Bf4+ 27. Kb1
Qf8 28. Bg4 Qxe7 29. Rxe7 Rb8 30. Nd5 Bxg5 31. Re5 Bf6 32. Nxf6+ gxf6 33. Rc5
f5 34. Bxf5 gxf5 35. Rxf5 Rxh3 36. Rg1+ Kf8 37. Rfg5 Rh8 38. f4 Rd8 39. f5 Rd5
40. Rf1 Rh2 41. Rg4 Rb5 42. b4 Nd5 43. f6 Nc3+ 44. Kc1 Rb6 45. Rc4 Rc6 46. Rg4
Nb5+ 47. Kd1 Rcc2 0-1

[Event "Bad Woerishofen op"]
[Site "?"]
[Date "2000.??.??"]
[Round "9"]
[White "Dubois, Martine"]
[Black "Braun, Erhard"]
[Result "0-1"]
[WhiteElo "2093"]
[BlackElo "1906"]
[PlyCount "80"]
[EventDate "2000.??.??"]

1. e4 c5 2. c3 g6 3. d4 cxd4 4. cxd4 Bg7 5. Nc3 a6 6. Nf3 d6 7. Be3 Nf6 8. e5
Ng4 9. Bf4 b5 10. exd6 exd6 11. Qe2+ Kf8 12. O-O-O Bf5 13. h3 Bh6 14. Bxh6+
Nxh6 15. g4 b4 16. gxf5 bxc3 17. bxc3 Nxf5 18. h4 Qa5 19. Qc4 Qa3+ 20. Kc2 Nd7
21. Rb1 Ne7 22. Qb3 Qa5 23. Ng5 Qf5+ 24. Bd3 Qxf2+ 25. Kd1 Rb8 26. Qxb8+ Nxb8
27. Rxb8+ Kg7 28. Rf1 Qxf1+ 29. Bxf1 Rxb8 30. Bxa6 d5 31. Kc2 Ra8 32. Be2 Rxa2+
33. Kd3 h6 34. Nf3 f6 35. Nd2 Nf5 36. Bf3 Ne7 37. Nf1 Rf2 38. Be2 Nf5 39. Ne3
Nxe3 40. Kxe3 Rh2 0-1

[Event "Bad Woerishofen op"]
[Site "?"]
[Date "2000.??.??"]
[Round "2"]
[White "Duckstein, Torsten"]
[Black "Wilhelm, Andreas"]
[Result "1/2-1/2"]
[WhiteElo "1842"]
[BlackElo "1379"]
[PlyCount "32"]
[EventDate "2000.??.??"]

1. d4 Nf6 2. Nf3 g6 3. Bf4 Bg7 4. c3 d6 5. h3 Nbd7 6. e3 O-O 7. Bc4 e5 8. dxe5
dxe5 9. Bxe5 Nxe5 10. Nxe5 Qxd1+ 11. Kxd1 Ne4 12. Nd3 Be6 13. Bxe6 fxe6 14. Rf1
Rad8 15. Kc2 e5 16. Na3 Nd6 1/2-1/2

[Event "Bad Woerishofen op"]
[Site "?"]
[Date "2000.??.??"]
[Round "4"]
[White "Duckstein, Torsten"]
[Black "Emami, Madjid"]
[Result "1/2-1/2"]
[WhiteElo "1842"]
[BlackElo "2154"]
[PlyCount "108"]
[EventDate "2000.??.??"]

1. d4 c6 2. c4 g6 3. Nc3 Bg7 4. Nf3 d6 5. h3 Nd7 6. e4 e5 7. Be3 Ne7 8. Qd2 O-O
9. Be2 f5 10. dxe5 dxe5 11. Rd1 Qc7 12. Bg5 Nf6 13. Bxf6 Bxf6 14. O-O Kg7 15.
c5 Ng8 16. Qd6 Qa5 17. Nxe5 Rd8 18. Nc4 Rxd6 19. Nxa5 Re6 20. f3 Re5 21. Nb3 f4
22. Bc4 Be7 23. Bxg8 Kxg8 24. Ne2 g5 25. Ned4 Kf7 26. Rd2 h5 27. Rfd1 g4 28.
hxg4 hxg4 29. Nf5 Bxf5 30. exf5 Rg8 31. fxg4 Rxg4 32. Kf1 Rh4 33. Rd7 Kf6 34.
Kf2 a5 35. Re1 Rxe1 36. Kxe1 a4 37. Nd2 Rh7 38. Rxb7 Kxf5 39. Ke2 Rg7 40. Kf1
Ke5 41. Ra7 Rh7 42. Rxa4 Bxc5 43. Nf3+ Kd6 44. Rxf4 Rh1+ 45. Ke2 Rb1 46. Rf6+
Kd5 47. Kd3 Rxb2 48. Rf5+ Kd6 49. Nd2 Rxa2 50. Ne4+ Kc7 51. Rxc5 Rxg2 52. Rh5
Rg1 53. Kd4 Kb6 54. Kc4 Rg4 1/2-1/2

[Event "Bad Woerishofen op"]
[Site "?"]
[Date "2000.??.??"]
[Round "7"]
[White "Duckstein, Torsten"]
[Black "Lecheler, Rudolf"]
[Result "1-0"]
[WhiteElo "1842"]
[BlackElo "1721"]
[PlyCount "63"]
[EventDate "2000.??.??"]

1. d4 d5 2. c4 e6 3. Nc3 Nf6 4. Nf3 Nbd7 5. Bf4 c6 6. e3 Be7 7. h3 O-O 8. Qc2
a5 9. Bd3 dxc4 10. Bxc4 Nd5 11. Bh2 Nxc3 12. bxc3 c5 13. O-O cxd4 14. cxd4 Nf6
15. Rab1 Bd6 16. Be5 Bxe5 17. Nxe5 Nd7 18. Bd3 f5 19. Rb5 Kh8 20. Rfb1 Nxe5 21.
Rxe5 Rf7 22. Rc5 g6 23. Qc3 b6 24. Rc6 b5 25. d5+ Kg8 26. dxe6 Re7 27. Bxb5 Bb7
28. Rc5 Bd5 29. Rd1 Rxe6 30. Rcxd5 Qg5 31. Rd7 Re7 32. Bc4+ 1-0

[Event "Bad Woerishofen op"]
[Site "?"]
[Date "2000.??.??"]
[Round "9"]
[White "Duckstein, Torsten"]
[Black "Wegener, Hans-Karl"]
[Result "1/2-1/2"]
[WhiteElo "1642"]
[BlackElo "2115"]
[PlyCount "98"]
[EventDate "2000.??.??"]

1. d4 Nf6 2. Nf3 c5 3. c3 e6 4. e3 b6 5. Bd3 Ba6 6. Bxa6 Nxa6 7. Qe2 Qc8 8. O-O
Be7 9. a4 O-O 10. a5 Qb7 11. axb6 axb6 12. Na3 Nc7 13. Bd2 Ne4 14. Nb5 Nxb5 15.
Qxb5 Nd6 16. Qb3 c4 17. Qc2 Rfc8 18. Rfb1 b5 19. Be1 f6 20. Nd2 b4 21. cxb4
Rxa1 22. Rxa1 c3 23. bxc3 Nb5 24. Qe4 Qb6 25. Ra8 Rxa8 26. Qxa8+ Kf7 27. Nf3 d5
28. Qa2 Nd6 29. h3 g5 30. g3 h5 31. Kg2 g4 32. hxg4 hxg4 33. Ng1 Qb8 34. Qe2 f5
35. f3 Qg8 36. Qf1 Nc4 37. Qf2 Ke8 38. Ne2 Qh7 39. Ng1 Bg5 40. f4 Bd8 41. Qe2
Qa7 42. Bf2 Nd6 43. Qc2 Kf8 44. Qb1 Qa6 45. Qc2 Qa1 46. Ne2 Ne4 47. Bg1 Qa7 48.
Bh2 Qh7 49. Ng1 Qa7 1/2-1/2

[Event "Bad Woerishofen op"]
[Site "Bad Woerishofen"]
[Date "2000.??.??"]
[Round "1"]
[White "Eichler, Gottfried"]
[Black "Holuba, Stefan"]
[Result "1-0"]
[WhiteElo "2173"]
[BlackElo "1740"]
[PlyCount "103"]
[EventDate "1998.03.05"]
[Source "ChessBase"]
[SourceDate "1998.04.29"]

1. e4 e5 2. Nf3 Nc6 3. Bc4 Nf6 4. Ng5 d5 5. exd5 Na5 6. Bb5+ c6 7. dxc6 bxc6 8.
Be2 Bf5 9. d3 Bd6 10. Nc3 O-O 11. O-O Nd5 12. Nce4 Bc7 13. Ng3 Bc8 14. Bh5 g6
15. Bf3 f5 16. Ne2 Nb7 17. g3 f4 18. Bxd5+ cxd5 19. gxf4 exf4 20. Nf3 Bh3 21.
Ned4 Bb6 22. Kh1 Qf6 23. c3 Rae8 24. Rg1 Nd6 25. Qb3 Nf5 26. Qxd5+ Kh8 27. Bxf4
Nxd4 28. Be5 Nxf3 29. Bxf6+ Rxf6 30. Rg3 Be6 31. Qe4 Nd2 32. Qe5 Ref8 33. Rd1
Bxf2 34. Rxd2 Bxg3 35. hxg3 Kg8 36. Kg2 Bd7 37. d4 Rf5 38. Qd6 Bb5 39. Qe6+
R8f7 40. c4 Bd7 41. Qe3 Rh5 42. Rf2 Rxf2+ 43. Qxf2 Bh3+ 44. Kg1 Rf5 45. Qe2 h5
46. d5 Bg4 47. Qe8+ Kg7 48. d6 Bh3 49. d7 g5 50. Qe7+ Kh6 51. Qe6+ Kg7 52. Qxf5
1-0

[Event "Bad Woerishofen op"]
[Site "?"]
[Date "2000.??.??"]
[Round "3"]
[White "Eichler, Gottfried"]
[Black "Heinbuch, Detlef"]
[Result "0-1"]
[WhiteElo "2173"]
[BlackElo "2394"]
[PlyCount "72"]
[EventDate "2000.??.??"]

1. e4 c6 2. d4 d5 3. exd5 cxd5 4. Bd3 Nc6 5. c3 g6 6. Bf4 Bg7 7. Nd2 Nf6 8.
Ngf3 Nh5 9. Bg5 f6 10. Be3 O-O 11. Nb3 e5 12. Be2 e4 13. Ng1 f5 14. Bxh5 f4 15.
Bxf4 Rxf4 16. g3 Rf7 17. Bg4 h5 18. Bxc8 Qxc8 19. h4 Bh6 20. Qe2 Qf5 21. Nh3
Raf8 22. Rh2 Kg7 23. Kf1 Qd7 24. Kg1 Rf3 25. Nd2 Bxd2 26. Qxd2 e3 27. Qc2 exf2+
28. Nxf2 Rxg3+ 29. Rg2 Rxg2+ 30. Kxg2 Ne7 31. Rh1 Nf5 32. Qd2 Qe7 33. Qg5 Qe2
34. Rh3 Qxb2 35. Rf3 Qxa2 36. Qf4 Qe2 0-1

[Event "Bad Woerishofen op"]
[Site "?"]
[Date "2000.??.??"]
[Round "5"]
[White "Eichler, Gottfried"]
[Black "Porubszki, Georg"]
[Result "1/2-1/2"]
[WhiteElo "2173"]
[BlackElo "2003"]
[PlyCount "39"]
[EventDate "2000.??.??"]

1. e4 c5 2. Nc3 Nc6 3. Bb5 Nd4 4. Bc4 e6 5. Nf3 a6 6. Nxd4 cxd4 7. Ne2 b5 8.
Bd3 e5 9. c3 d5 10. O-O Bb7 11. Ng3 dxe4 12. Bxe4 Bxe4 13. Nxe4 dxc3 14. dxc3
Nf6 15. Qf3 Nxe4 16. Qxe4 f6 17. Qc6+ Kf7 18. Be3 Be7 19. Rfd1 Qc8 20. Qd5+
1/2-1/2

[Event "Bad Woerishofen op"]
[Site "?"]
[Date "2000.??.??"]
[Round "7"]
[White "Eichler, Gottfried"]
[Black "Schoettker, Jochen"]
[Result "1/2-1/2"]
[WhiteElo "2173"]
[BlackElo "1938"]
[PlyCount "24"]
[EventDate "2000.??.??"]

1. f4 d5 2. Nf3 g6 3. e3 Bg7 4. d4 Nf6 5. Bd3 O-O 6. O-O b6 7. Ne5 Bb7 8. Nd2
c5 9. c3 e6 10. Qe1 Nc6 11. Nxc6 Bxc6 12. Nf3 Bb7 1/2-1/2

[Event "Bad Woerishofen op"]
[Site "Bad Woerishofen"]
[Date "2000.??.??"]
[Round "2"]
[White "Eisenbeis, Norman"]
[Black "Koenigseder, Helmut"]
[Result "1-0"]
[WhiteElo "2179"]
[BlackElo "1753"]
[PlyCount "71"]
[EventDate "1998.03.05"]
[Source "ChessBase"]
[SourceDate "1998.04.29"]

1. d4 d5 2. c4 Nc6 3. Nf3 Bg4 4. cxd5 Bxf3 5. dxc6 Bxc6 6. Nc3 e6 7. e4 Bb4 8.
f3 f5 9. Bc4 fxe4 10. Bxe6 Qe7 11. d5 Rd8 12. Be3 Bd7 13. Bxg8 Rxg8 14. O-O
Bxc3 15. bxc3 Bb5 16. Re1 Rf8 17. fxe4 b6 18. a4 Bc4 19. Qd4 Ba6 20. a5 Rd6 21.
axb6 Rxb6 22. Qa4+ Bb5 23. Qxa7 Rg6 24. Qb8+ Kf7 25. Qxb5 Rxg2+ 26. Kxg2 Qxe4+
27. Kg3 Qg6+ 28. Kf2 Kg8+ 29. Ke2 Qh5+ 30. Kd2 Rd8 31. c4 Qxh2+ 32. Re2 Qe5 33.
Ra2 h5 34. Qb7 Kh7 35. Qb2 Qg3 36. Qd4 1-0

[Event "Bad Woerishofen op"]
[Site "?"]
[Date "2000.??.??"]
[Round "4"]
[White "Eisenbeis, Norman"]
[Black "Grosser, Walter"]
[Result "0-1"]
[WhiteElo "2179"]
[BlackElo "1940"]
[PlyCount "72"]
[EventDate "2000.??.??"]

1. d4 Nf6 2. c4 g6 3. Nc3 Bg7 4. e4 d6 5. Nf3 O-O 6. Be2 e5 7. d5 Nbd7 8. O-O
Nc5 9. Qc2 a5 10. Be3 b6 11. Nd2 Ne8 12. a3 f5 13. f3 f4 14. Bf2 g5 15. b4 Nd7
16. c5 h5 17. h3 bxc5 18. bxc5 Ndf6 19. Nc4 g4 20. hxg4 hxg4 21. fxg4 Nxg4 22.
Be1 Qg5 23. Nd1 Rf6 24. Bxg4 Bxg4 25. Nf2 Bc8 26. Nd1 Qh5 27. Rf3 Bg4 28. Rb3
Rh6 29. Nf2 Qh2+ 30. Kf1 Nf6 31. Nd2 Bc8 32. Nf3 Ba6+ 33. Nd3 Qh1+ 34. Ng1 Ng4
35. Bd2 Rh2 36. Bc1 Rf8 0-1

[Event "Bad Woerishofen op"]
[Site "?"]
[Date "2000.??.??"]
[Round "6"]
[White "Eisenbeis, Norman"]
[Black "Elstner, Herbert"]
[Result "1/2-1/2"]
[WhiteElo "2179"]
[BlackElo "2126"]
[PlyCount "28"]
[EventDate "2000.??.??"]

1. d4 d5 2. c4 dxc4 3. Nf3 Bf5 4. Nc3 Nf6 5. e3 e6 6. Bxc4 Be7 7. O-O O-O 8.
Qe2 a6 9. e4 Bg6 10. Bb3 c5 11. Rd1 cxd4 12. Rxd4 Qc7 13. e5 Nfd7 14. Bf4 Nc6
1/2-1/2

[Event "Bad Woerishofen op"]
[Site "?"]
[Date "2000.??.??"]
[Round "8"]
[White "Eisenbeis, Norman"]
[Black "Juscamayta, Tupac"]
[Result "1/2-1/2"]
[WhiteElo "2179"]
[BlackElo "1861"]
[PlyCount "46"]
[EventDate "2000.??.??"]

1. d4 d5 2. c4 e6 3. cxd5 exd5 4. Nc3 h6 5. Nf3 Nf6 6. Bf4 c6 7. Qc2 Bd6 8. Bg3
O-O 9. e3 Qe7 10. Bd3 Re8 11. a3 Nbd7 12. Bxd6 Qxd6 13. O-O Qe7 14. Nd2 b6 15.
b4 a5 16. Qb3 axb4 17. axb4 Bb7 18. Rfe1 Qd6 19. Nf1 Nf8 20. Ng3 Ne6 21. Nf5
Qc7 22. Rec1 g6 23. Ng3 Kg7 1/2-1/2

[Event "Bad Woerishofen op"]
[Site "Bad Woerishofen"]
[Date "2000.??.??"]
[Round "2"]
[White "Elstner, Herbert"]
[Black "Lipinski, Fabian"]
[Result "0-1"]
[WhiteElo "2050"]
[BlackElo "2313"]
[PlyCount "76"]
[EventDate "1998.03.05"]
[Source "ChessBase"]
[SourceDate "1998.04.29"]

1. e4 c5 2. d3 g6 3. g3 d5 4. Nd2 Nc6 5. Bg2 Nf6 6. Ngf3 dxe4 7. dxe4 Bg7 8.
O-O O-O 9. c3 Qd3 10. Re1 Bg4 11. h3 Bxf3 12. Qxf3 Ne5 13. Qe2 Rad8 14. Bf1 Bh6
15. Qxd3 Nxd3 16. Bxd3 Rxd3 17. Nf1 Bxc1 18. Raxc1 Rfd8 19. Kg2 Kf8 20. Rc2 e6
21. Ree2 Ke7 22. Nd2 Nd7 23. Nc4 b5 24. Nd2 c4 25. f4 e5 26. Nf3 f6 27. Ne1 Rd6
28. Nf3 Rd3 29. Rf2 a6 30. Rce2 Ke6 31. fxe5 Nxe5 32. Nd4+ R8xd4 33. cxd4 Rxd4
34. Rf4 Nd3 35. Rh4 h5 36. e5 Rxh4 37. exf6+ Kxf6 38. gxh4 Nf4+ 0-1

[Event "Bad Woerishofen op"]
[Site "?"]
[Date "2000.??.??"]
[Round "5"]
[White "Elstner, Herbert"]
[Black "Meyer, Thomas"]
[Result "1-0"]
[WhiteElo "2126"]
[BlackElo "1744"]
[PlyCount "67"]
[EventDate "2000.??.??"]

1. e4 c6 2. d4 d5 3. e5 c5 4. c3 Nc6 5. Nf3 cxd4 6. cxd4 Bg4 7. Be2 Qb6 8. O-O
e6 9. Nbd2 Bb4 10. h3 Bxd2 11. hxg4 Bxc1 12. Qxc1 Nge7 13. Qd2 O-O 14. Rad1
Rac8 15. Bd3 Ng6 16. Bb1 Qb4 17. Qd3 Qe7 18. g3 f6 19. Kg2 Nb4 20. Qe2 fxe5 21.
Bxg6 hxg6 22. Nxe5 Rc2 23. Rd2 Rfc8 24. Nxg6 Qf6 25. Ne5 Qg5 26. Rxc2 Nxc2 27.
Qf3 Qf6 28. Qd3 Nb4 29. Qb5 Qe7 30. Rh1 Nc6 31. Rh8+ Kxh8 32. Ng6+ Kg8 33.
Nxe7+ Nxe7 34. Qxb7 1-0

[Event "Bad Woerishofen op"]
[Site "?"]
[Date "2000.??.??"]
[Round "7"]
[White "Elstner, Herbert"]
[Black "Salvermoser, Bernd"]
[Result "1/2-1/2"]
[WhiteElo "2126"]
[BlackElo "2265"]
[PlyCount "73"]
[EventDate "2000.??.??"]

1. e4 c5 2. d3 Nc6 3. g3 g6 4. Bg2 Bg7 5. Nc3 d6 6. f4 e5 7. Nf3 Nge7 8. O-O
O-O 9. Be3 exf4 10. gxf4 f5 11. Bf2 Rb8 12. Bh4 fxe4 13. dxe4 Rxf4 14. Nb5 Rxe4
15. Ng5 Bd4+ 16. Nxd4 Rxd4 17. Qf3 Bf5 18. Bf2 Rd2 19. Qb3+ d5 20. Bxc5 h6 21.
Nf3 Rxc2 22. Be3 Kh7 23. Nh4 Rc4 24. Bf4 Rc8 25. Qe3 Qb6 26. Nxf5 Nxf5 27. Qxb6
axb6 28. Bxd5 Rc2 29. Rae1 Rxb2 30. Be6 Re8 31. Bc1 Rc2 32. Bb3 Rce2 33. Rd1
Ncd4 34. Bd5 Rc2 35. Ba3 Ree2 36. Rxd4 Nxd4 37. Rf7+ 1/2-1/2

[Event "Bad Woerishofen op"]
[Site "?"]
[Date "2000.??.??"]
[Round "9"]
[White "Elstner, Herbert"]
[Black "Dobierzin, Olaf"]
[Result "0-1"]
[WhiteElo "2126"]
[BlackElo "2144"]
[PlyCount "78"]
[EventDate "2000.??.??"]

1. e4 c5 2. d3 Nc6 3. g3 g6 4. Bg2 Bg7 5. Nc3 d6 6. f4 e5 7. Nf3 exf4 8. gxf4
Nd4 9. O-O Ne7 10. Nxd4 cxd4 11. Ne2 O-O 12. Qe1 f5 13. Ng3 Qc7 14. Rf2 Bd7 15.
Bd2 Rae8 16. Qf1 Qxc2 17. Rc1 Qxb2 18. Rb1 Qxa2 19. Rxb7 Bc6 20. Rc7 Qa6 21.
Bb4 Bb5 22. e5 Bxd3 23. Qd1 Rb8 24. Qb3+ Kh8 25. Rxe7 dxe5 26. Rxg7 Kxg7 27.
Bxf8+ Rxf8 28. Ra2 Bc4 29. Nxf5+ gxf5 30. Qg3+ Qg6 31. Rxa7+ Rf7 32. Rxf7+ Kxf7
33. Qa3 Qb6 34. Qc1 d3+ 35. Kh1 Qd4 36. Qg1 Qxf4 37. Qa7+ Kf6 38. Qg1 d2 39.
Qb1 Qe3 0-1

[Event "Bad Woerishofen op"]
[Site "Bad Woerishofen"]
[Date "2000.??.??"]
[Round "1"]
[White "Emami, Madjid"]
[Black "Schwabe, Manfred"]
[Result "1-0"]
[WhiteElo "2154"]
[BlackElo "1719"]
[PlyCount "55"]
[EventDate "1998.03.05"]
[Source "ChessBase"]
[SourceDate "1998.04.29"]

1. Nf3 Nf6 2. b3 g6 3. Bb2 Bg7 4. g3 d5 5. Bg2 O-O 6. O-O Nbd7 7. d3 c5 8. Nbd2
b6 9. e4 dxe4 10. dxe4 Bb7 11. Qe2 e6 12. e5 Ne8 13. Rad1 Qc7 14. Rfe1 Rd8 15.
h4 h6 16. h5 Nb8 17. Ne4 Bxe4 18. Qxe4 Rxd1 19. Rxd1 g5 20. Nh2 Qe7 21. Ng4 f5
22. exf6 Nxf6 23. Bxf6 Bxf6 24. Qg6+ Qg7 25. Nxf6+ Rxf6 26. Rd8+ Rf8 27. Qxe6+
Kh8 28. Rxf8+ 1-0

[Event "Bad Woerishofen op"]
[Site "?"]
[Date "2000.??.??"]
[Round "3"]
[White "Emami, Madjid"]
[Black "Luecke, Volkmar"]
[Result "0-1"]
[WhiteElo "2154"]
[BlackElo "1948"]
[PlyCount "84"]
[EventDate "2000.??.??"]

1. Nf3 Nf6 2. b3 g6 3. Bb2 Bg7 4. g3 O-O 5. Bg2 d5 6. O-O c6 7. d3 Re8 8. Nbd2
Nbd7 9. c4 e5 10. Qc2 b6 11. b4 Bb7 12. c5 e4 13. dxe4 Nxe4 14. Bxg7 Kxg7 15.
Nxe4 Rxe4 16. cxb6 axb6 17. e3 Qf6 18. Nd4 Re7 19. a4 c5 20. bxc5 bxc5 21. Nb5
Rc8 22. Rfd1 Ne5 23. Qe2 c4 24. Nd4 Nd3 25. a5 Qxd4 26. a6 Ba8 27. Bh3 Rcc7 28.
Rab1 Qe4 29. Rb8 Bc6 30. Bg2 Qe5 31. Rdb1 d4 32. Bxc6 Rxc6 33. R1b7 Rxa6 34.
Rxe7 Qxe7 35. Qg4 Ra1+ 36. Kg2 h5 37. Qxd4+ Qe5 38. Qd8 Qe4+ 39. f3 Ne1+ 40.
Kh3 Qf5+ 41. g4 Qxf3+ 42. Kh4 Qxg4# 0-1

[Event "Bad Woerishofen op"]
[Site "?"]
[Date "2000.??.??"]
[Round "5"]
[White "Emami, Madjid"]
[Black "Weiss, Hans"]
[Result "1/2-1/2"]
[WhiteElo "2154"]
[BlackElo "1810"]
[PlyCount "108"]
[EventDate "2000.??.??"]

1. Nf3 c5 2. b3 Nf6 3. Bb2 g6 4. g3 Bg7 5. Bg2 d5 6. O-O O-O 7. d3 Nc6 8. Nbd2
Qc7 9. a3 e5 10. c4 d4 11. b4 cxb4 12. axb4 Bg4 13. b5 Nd8 14. Ra2 Nd7 15. Qc2
Nc5 16. Rfa1 Qb6 17. Bc1 Nde6 18. h3 Bxf3 19. Nxf3 f5 20. Ng5 Nxg5 21. Bxg5
Rfe8 22. Bd5+ Kh8 23. Bd2 Bf8 24. Kg2 e4 25. Ba5 Qd6 26. Bb4 Qb6 27. dxe4 fxe4
28. e3 Nd3 29. Bxf8 Rxf8 30. Qb3 dxe3 31. Qc3+ Rf6 32. fxe3 Raf8 33. Rf1 Kg7
34. Rxf6 Rxf6 35. Bxe4 Nc5 36. Bd5 a6 37. bxa6 bxa6 38. Qe5 Qd8 39. Rf2 Nd3 40.
Qxf6+ Qxf6 41. Rxf6 Kxf6 42. Kf3 Ke5 43. Ke2 Nc5 44. Kd2 h6 45. Kc3 a5 46. Bf3
Na4+ 47. Kc2 Nc5 48. h4 Ne6 49. Bc6 Nc5 50. Kc3 Ne6 51. Bf3 Nc5 52. Kd2 Nb3+
53. Kd1 Nc5 54. Kc2 Na6 1/2-1/2

[Event "Bad Woerishofen op"]
[Site "?"]
[Date "2000.??.??"]
[Round "7"]
[White "Emami, Madjid"]
[Black "Krotofil, Kurt"]
[Result "0-1"]
[WhiteElo "2154"]
[BlackElo "1923"]
[PlyCount "74"]
[EventDate "2000.??.??"]

1. Nf3 d5 2. g3 Nf6 3. Bg2 e6 4. O-O Be7 5. d3 O-O 6. Nbd2 c5 7. e4 Nc6 8. e5
Nd7 9. Re1 Qc7 10. Nf1 Ndxe5 11. Nxe5 Nxe5 12. Bf4 Bd6 13. h4 Nc6 14. Bxd6 Qxd6
15. h5 h6 16. Ne3 Bd7 17. f4 Ne7 18. Qf3 Bc6 19. Qf2 Nf5 20. Ng4 d4 21. Bh3 Qd5
22. Kh2 b6 23. Ne5 Bb7 24. g4 Ne3 25. Rg1 f6 26. Ng6 Rfe8 27. Rg3 Rad8 28. c4
Qd6 29. Rag1 Rd7 30. Nh4 Rf7 31. Ng2 Nxg2 32. Bxg2 Bxg2 33. R1xg2 e5 34. Rf3
exf4 35. Kh1 Rfe7 36. Rxf4 Re1+ 37. Kh2 R8e3 0-1